000 00532nam a22001817a 4500
005 20251108174641.0
008 250721s2007 xx 000 0 ara d
082 1 4 _a153.1/سلي
100 1 _aسليمان، صبحي
_eمؤلف
245 1 0 _aتمتع الان بذاكرة حديدية /
264 1 _aالجيزة :
_bدار الأمل للنشر و التوزيع،
_c2007.
300 _a157 ص.
650 1 7 _aالذاكره
650 1 7 _aالتعلم
650 1 7 _aالتفكير
942 _2ddc
_cBK
999 _c114518
_d114518